000 00629nam a2200217Ia 4500
005 20250508165310.0
008 008 250505s9999 xx 000 0 eng d
020 _a81-85569-75-4
037 _aTextual
040 _aFEDL
_beng
_cFEDL
041 _aeng
_2eng
084 _a378, CHU
_qFEDL
100 _aChurchill Ward
_9373981
245 0 _aWhite studies: The intellectual imperialism of higher education
260 _aMalaysia
_bCitizen International
_c2002
300 _a40p.
365 _aINR
_b30
490 _aRadical Essentials Pamphlet Series
942 _cTEXL
_h378, CHU
999 _c1394283
_d1394283